Central Library OPAC University of Rajshahi

Climatic atlas of the United States / (Record no. 11083)

MARC details
000 -LEADER
fixed length control field 00864cem a22002651 4500
001 - CONTROL NUMBER
control field 11083
003 - CONTROL NUMBER IDENTIFIER
rucl marc code BD-RjUL
005 - DATE AND TIME OF LATEST TRANSACTION
control field 20211208235052.0
008 - FIXED-LENGTH DATA ELEMENTS--GENERAL INFORMATION
fixed length control field 140126s1954 mau e eng
035 ## - SYSTEM CONTROL NUMBER
System control number (BD-RjUL)11132
System control number (OCoLC)491475
040 ## - CATALOGING SOURCE
Original cataloging agency DLC
Transcribing agency ODaWU
Modifying agency OCoLC
-- PPiU
-- OCoLC
-- Uk
-- OCoLC
-- DLC
-- BD-RjUL
Language of cataloging eng
041 ## - LANGUAGE CODE
Language code of text/sound track or separate title eng
082 04 - DEWEY DECIMAL CLASSIFICATION NUMBER
Edition number 20
Classification number 551.50973
Author mark and year VIC 1954
100 1# - MAIN ENTRY--PERSONAL NAME
Personal name Visher, Stephen Sargent,
Dates associated with a name 1887-1967.
9 (RLIN) 34264
245 10 - TITLE STATEMENT
Title Climatic atlas of the United States /
Statement of responsibility, etc. Stephen Sargent Visher.
260 ## - PUBLICATION, DISTRIBUTION, ETC. (IMPRINT)
Place of publication, distribution, etc. Cambridge,
Name of publisher, distributor, etc. Harvard University Press,
Date of publication, distribution, etc. 1954.
300 ## - PHYSICAL DESCRIPTION
Pagination xii, 403 p. :
Illustrations 1031 maps, diagrs. ;
Size 30 cm.
504 ## - BIBLIOGRAPHY, ETC. NOTE
Bibliography, etc Bibliography: p. 393-395.
Bibliography, etc "Sources of the maps": p. 395-400.
651 #0 - SUBJECT ADDED ENTRY--GEOGRAPHIC NAME
Geographic name United States
General subdivision Climate
Form subdivision Maps.
9 (RLIN) 34265
942 ## - ADDED ENTRY ELEMENTS (KOHA)
Source of classification or shelving scheme Dewey Decimal Classification
Koha item type Books
Holdings
Lost status Source of classification or shelving scheme Damaged status Not for loan Permanent Location Current Location Shelving location Date acquired Source of acquisition Cost, normal purchase price Total Checkouts Full call number Date last seen Copy number Koha item type Collection code
  Dewey Decimal Classification     Central Library, University of Rajshahi Central Library, University of Rajshahi   11/04/1967 Paramount 54.00   551.50973 VIC 1954 26/01/2014 C-2 Books  
  Dewey Decimal Classification   Not For Loan Central Library, University of Rajshahi Central Library, University of Rajshahi Reading Room 25/04/1961 Lahore Mirza Book 45.00   551.50973 VIC 1954 25/11/2018 C-1 Books Non-fiction